000 00516nam a2200205Ia 4500
003 OSt
005 20230511123221.0
008 210423s2006 xx 000 0 und d
020 _a140511942X
040 _cAL
041 _aeng
082 _a547
_223
_b PARA
100 _aPARSONS (Andrew F).
_9102965
245 _aKeynotes in organic chemistry.
260 _aUK
_bBlackwell Publications
_c2006
300 _axi,228
_bPB
365 _b195
_cINR
906 _achemistry. ; Keynotes ; organic
942 _2ddc
_cBK
999 _c164212
_d164212